La máquina de escribir /

Tallennettuna:
Bibliografiset tiedot
Päätekijä: Martini, Juan 1944-
Aineistotyyppi: Tuntematon
Kieli:Spanish
Julkaistu: Buenos Aires, Argentina: Espasa Calpe, c1996
Sarja:Biblioteca Breve
Aiheet:
Tagit: Lisää tagi
Ei tageja, Lisää ensimmäinen tagi!

MARC

LEADER 000000000a22000000004500
001 001362
008 170629s1996 ag ||||| |||| 00| f spa d
020 |a 9507311475 
041 0 |a español 
082 |a Ar863.4  |b M386m 
100 1 |a Martini, Juan  |d 1944- 
245 1 3 |a La máquina de escribir /  |c Juan Martini 
260 |a Buenos Aires, Argentina:   |b Espasa Calpe,   |c c1996 
300 |a 313 páginas 
490 1 |a Biblioteca Breve 
500 |a Número de inscripción 11907 
650 4 |a LITERATURA ARGENTINA  |v NOVELA 
942 |2 ddc  |c BK 
999 |c 2372  |d 2372